000 00678nam a2200205 i 4500
001 128502
003 ES-MaACL
005 20230906193312.0
007 t|
008 070514s1967 sp a |||| | spa d
080 _a347.99(460)(047)
100 1 _aTachin.
_9109051
245 1 0 _a100 audiencias públicas con gotas de humor /
_c[seud.] ; prólogo, Narciso Antonio Alonso Cortés.
246 3 3 _aCien audiencias públicas con gotas de humor
260 _aMadrid :
_bPrensa Española,
_c1967.
300 _a248 p., 3 h. ;
_c21 cm.
650 4 _aTribunales-
_zEspaña-
_vAnécdotas.
_9147706
700 1 _aAlonso-Cortés, Narciso Antonio.
_920278
852 _aES-MaACL
_jC-32800
999 _c128502
_d128502